| 000 | 00698cam a22002171 4500 | ||
|---|---|---|---|
| 001 | 0000004334 | ||
| 005 | 20170406115737.0 | ||
| 008 | 750715s1966 xx 000 0 eng | ||
| 010 | _a 66016918 | ||
| 035 | _9(DLC) 66016918 | ||
| 035 | _a(OCoLC)1448405 | ||
| 040 |
_aDLC _cFO _dDLC |
||
| 050 | 0 | 0 |
_aPZ3.M3213 _bFr2 _aPR6063.A384 |
| 100 | 1 | _aManning, Olivia. | |
| 245 | 1 | 0 | _aFriends and heroes. |
| 250 | _a[1st ed. in the U.S.A.] | ||
| 260 |
_aGarden City, N.Y. : _bDoubleday, _c1966 [c1965] |
||
| 300 |
_a363 p. ; _c22 cm. |
||
| 500 | _aThe 3d vol. of the author's trilogy, The Balken trilogy: the 1st vol. is The great fortune: the 2d, The spoilt city. | ||
| 908 | _a140910 | ||
| 999 |
_c4167 _d4167 |
||